| 000 | 00793cab a2200265 4500 | ||
|---|---|---|---|
| 001 | WB2825-27 | ||
| 008 | 090401t1992 xxu||||| |||| 00| 0 eng d | ||
| 035 | _a(Sirsi) u43851 | ||
| 041 | _aeng | ||
| 245 | _aMineshaft swallows family`s garden | ||
| 260 | _c1992 | ||
| 350 | _a0 | ||
| 490 |
_aTimes _v22 June 1992, 18 |
||
| 520 | _aHighlights the problems of subsidence in areas of redundant mine workings following the collapse of a back garden to a house in Gunnislake, Cornwall. | ||
| 650 | _aCORNWALL | ||
| 650 | _aDISUSED MINESHAFTS | ||
| 650 | _aGROUND MOVEMENT | ||
| 650 | _aMINE SURVEYS | ||
| 650 | _aMINING SUBSIDENCE | ||
| 650 | _aTIN MINES | ||
| 690 | _aBUILT ENVIRONMENT-BUILDING INSPECTION | ||
| 690 | _aMINING AND MINERALS | ||
| 942 | _n0 | ||
| 948 | _c04/03/1997 | ||
| 999 |
_c27953 _d27953 |
||